000 01077 a2200229 4500
005 20080925115048.0
008 080925t xxu||||| |||| 00| 0 eng d
010 _aENG-87908-09
020 _a8189557734 (set)
_c1295.00 (set)
035 _aEN-71441-42
037 _bDBAD / PUB
082 _a361.3
245 _aTraining for social work/
_cedited by Prakash M. Katare
260 _aNew Delhi
_bArise Publishers & Distributors
_c2007
270 _a4648/1, 21, Ansari Road, Darya Ganj,
_bNew Delhi
_e110 002
300 _a2 V. (287p.; 289-535p.)
_c22cm (Hb)
500 _aThis book published in 2 vols. and set price is 1295.00.
700 _aKatare, Prakash M.
942 _adpl
_cEN
_k361.3 / TRA
_2ddc
_h361.3
_mTRA
999 _c7366
_d7366